书目信息 |
| 题名: |
中文版InDesign CS4标准教程
|
|
| 作者: | 刘建 , 谢默 编著 | |
| 分册: | ||
| 出版信息: | 北京 中国电力出版社 2009 |
|
| 页数: | 316页 | |
| 开本: | 26cm | |
| 丛书名: | ||
| 单 册: | ||
| 中图分类: | TS803.23 | |
| 科图分类: | ||
| 主题词: | 排版--应用软件--教材 , 排版 , 应用软件 | |
| 电子资源: | ||
| ISBN: | 978-7-5083-8895-3 | |
| 000 | 01004nam0 2200289 45 | |
| 001 | 1050956984 | |
| 005 | 20100420100505.81 | |
| 010 | @a978-7-5083-8895-3@dCNY35.00 | |
| 100 | @a20100409d2009 em y0chiy50 ea | |
| 101 | 0 | @achi |
| 102 | @aCN@b110000 | |
| 105 | @aa z 000yy | |
| 106 | @ar | |
| 200 | 1 | @a中文版InDesign CS4标准教程@AZhong Wen Ban InDesign CS4 Biao Zhun Jiao Cheng@f刘建,谢默编著@FLiu Jian, Xie Mo Bian Zhu |
| 210 | @a北京@c中国电力出版社@d2009 | |
| 215 | @a316页@c图@d26cm@e附光盘1片 | |
| 307 | @a附光盘:ISBN 978-7-89470-098-8 | |
| 330 | @a本书介绍了InDesign CS4在页面设计与印前制作中的主要作用、使用方法和操作技巧,并以简截明了的写作手法,循序渐进地引导读者逐步掌握InDesign的各种功能及其使用。 | |
| 606 | 0 | @a排版@x应用软件@j教材 |
| 606 | 0 | @a排版 |
| 606 | 0 | @a应用软件 |
| 610 | 0 | @aInDesign CS |
| 690 | @aTS803.23@v4 | |
| 701 | 0 | @a刘建@ALiu Jian@4编著 |
| 701 | 0 | @a谢默@AXie Mo@4编著 |
| 801 | 0 | @aCN@bTANGWEI@c20100420 |
| 905 | @b0592119-23@dTS803.23@e53@f5 | |
| 中文版InDesign CS4标准教程/刘建,谢默编著.-北京:中国电力出版社,2009 |
| 316页:图;26cm+附光盘1片 |
| ISBN 978-7-5083-8895-3:CNY35.00 |
| 本书介绍了InDesign CS4在页面设计与印前制作中的主要作用、使用方法和操作技巧,并以简截明了的写作手法,循序渐进地引导读者逐步掌握InDesign的各种功能及其使用。 |
| ● |
| 相关链接 |
|
|
|
|
正题名:中文版InDesign CS4标准教程
索取号:TS803.23/53
 
预约/预借
| 序号 | 登录号 | 条形码 | 馆藏地/架位号 | 状态 | 备注 |
| 1 | 0592119 | 205921190 | 第二样本阅览室/ [索取号:TS803.23/53] | 在馆 | |
| 2 | 0592120 | 205921207 | 第三借阅区/ [索取号:TS803.23/53] | 在馆 | |
| 3 | 0592121 | 205921216 | 第三借阅区/ [索取号:TS803.23/53] | 在馆 | |
| 4 | 0592122 | 205921225 | 第三借阅区/ [索取号:TS803.23/53] | 在馆 | |
| 5 | 0592123 | 205921234 | 密集书库-物理学院/ [索取号:TS803.23/53] | 在馆 |